[Event "RB-2022-0-00418"]
[Site "LSS email"]
[Date "2022.12.09"]
[Round "?"]
[White "Olsson, Arne"]
[Black "Vio, Mauro"]
[Result "1-0"]
[WhiteElo "1812"]
[BlackElo "1968"]
[PlyCount "106"]
[EventDate "2022.03.19"]
[EventType "tourn (corr)"]
[EventRounds "6"]
[EventCountry "GER"]
[SourceTitle "Corr 2024"]
[Source "ChessBase"]
[SourceDate "2023.10.19"]
[SourceVersion "1"]
[SourceVersionDate "2023.10.19"]
[SourceQuality "1"]

1. d4 f5 2. c4 Nf6 3. Nc3 e6 4. Nf3 Bb4 5. Bd2 b6 6. g3 0-0 7. Bg2 Bb7 8. 0-0 Qe7 9. Rc1 Bxc3 10. Bxc3 a5 11. a3 d6 12. d5 Ne4 13. Nd4 exd5 14. cxd5 Bxd5 15. f3 Nxc3 16. Rxc3 Na6 17. Nxf5 Rxf5 18. Bh3 Rh5 19. g4 Bxf3 20. exf3 Rb5 21. Re1 Re5 22. Rxe5 Qxe5 23. f4 Qe8 24. Bg2 Rd8 25. Rh3 Nc5 26. Qb1 Qg6 27. Qxg6 hxg6 28. b4 axb4 29. axb4 Nd7 30. b5 Kf8 31. g5 Nc5 32. Bd5 Re8 33. Kf2 Ne4+ 34. Kf3 Nc3 35. Bc6 Re1 36. Rh8+ Kf7 37. Rc8 Re7 38. Be8+ Rxe8 39. Rxc7+ Re7 40. Rxc3 Rb7 41. Rc6 Ke6 42. Ke4 Ra7 43. Rxb6 Ra4+ 44. Kf3 Kf5 45. Rxd6 Rxf4+ 46. Ke3 Rb4 47. b6 Kxg5 48. Kd3 Kh6 49. Kc3 Rb5 50. Kc4 Rb2 51. Kc5 Kg5 52. h4+ Kh5 53. Kc6 Kxh4 1-0

[Event "LSS No Engine Cup 230 Preliminary 0"]
[Site "LSS email"]
[Date "2022.10.08"]
[Round "?"]
[White "Olsson, Arne"]
[Black "Mostowik, Pawel"]
[Result "1/2-1/2"]
[WhiteElo "1600"]
[BlackElo "2153"]
[PlyCount "31"]
[EventDate "2022.10.08"]
[EventType "tourn (corr)"]
[EventRounds "6"]
[EventCountry "GER"]
[SourceTitle "Corr 2024"]
[Source "ChessBase"]
[SourceDate "2023.10.19"]
[SourceVersion "1"]
[SourceVersionDate "2023.10.19"]
[SourceQuality "1"]

1. d4 d5 2. c4 c6 3. Nf3 Nf6 4. Nc3 e6 5. Bg5 h6 6. Bxf6 Qxf6 7. e3 Nd7 8. Qc2 g6 9. Bd3 Bg7 10. cxd5 exd5 11. 0-0 0-0 12. b4 Qd6 13. Qb3 Nb6 14. a4 Be6 15. Rfb1 Rfe8 16. Nd2 1/2-1/2

[Event "OP-2022-0-05333"]
[Site "LSS email"]
[Date "2022.09.25"]
[Round "?"]
[White "Olsson, Arne"]
[Black "Van Bommel, Ton"]
[Result "1-0"]
[WhiteElo "1725"]
[BlackElo "2169"]
[PlyCount "43"]
[EventDate "2022.09.19"]
[EventType "tourn (corr)"]
[EventRounds "4"]
[EventCountry "GER"]
[SourceTitle "Corr 2024"]
[Source "ChessBase"]
[SourceDate "2023.10.19"]
[SourceVersion "1"]
[SourceVersionDate "2023.10.19"]
[SourceQuality "1"]

1. d4 Nf6 2. c4 e6 3. Nf3 Bb4+ 4. Nbd2 b6 5. a3 Bxd2+ 6. Bxd2 d6 7. Bg5 h6 8. Bh4 Bb7 9. e3 Nbd7 10. Nd2 0-0 11. Bd3 Bxg2 12. Rg1 Bb7 13. Qe2 c5 14. 0-0-0 Kh8 15. d5 Qe8 16. Qf1 Rg8 17. Qh3 exd5 18. Bg5 Qf8 19. Bf5 Bc8 20. Nf3 b5 21. Qh4 b4 22. Rg3 1-0

[Event "OP-2022-0-05330"]
[Site "LSS email"]
[Date "2022.09.14"]
[Round "?"]
[White "Swiatek, Janusz"]
[Black "Olsson, Arne"]
[Result "1/2-1/2"]
[WhiteElo "2031"]
[BlackElo "1688"]
[PlyCount "47"]
[EventDate "2022.09.14"]
[EventType "tourn (corr)"]
[EventRounds "4"]
[EventCountry "GER"]
[SourceTitle "Corr 2024"]
[Source "ChessBase"]
[SourceDate "2023.10.19"]
[SourceVersion "1"]
[SourceVersionDate "2023.10.19"]
[SourceQuality "1"]

1. e4 c5 2. Nf3 d6 3. d4 cxd4 4. Nxd4 Nf6 5. Nc3 a6 6. Be3 e5 7. Nb3 Be6 8. f4 exf4 9. Bxf4 Nc6 10. Qe2 Rc8 11. h3 Nb4 12. a3 Nh5 13. axb4 Nxf4 14. Qf2 Qf6 15. b5 a5 16. b6 Bxb3 17. Bb5+ Ke7 18. 0-0 Be6 19. Qxf4 Qxf4 20. Rxf4 g5 21. Rff1 Bg7 22. Rxa5 Ra8 23. Rfa1 Rxa5 24. Rxa5 1/2-1/2

[Event "LSS SN-2022-0-01034"]
[Site "LSS email"]
[Date "2022.09.06"]
[Round "?"]
[White "Molina, Vicente Andres"]
[Black "Olsson, Arne"]
[Result "0-1"]
[WhiteElo "836"]
[BlackElo "800"]
[PlyCount "64"]
[EventDate "2021.10.03"]
[EventType "tourn (corr)"]
[EventRounds "6"]
[EventCountry "GER"]
[SourceTitle "Corr 2024"]
[Source "ChessBase"]
[SourceDate "2023.10.19"]
[SourceVersion "1"]
[SourceVersionDate "2023.10.19"]
[SourceQuality "1"]

1. e4 c5 2. c3 Nf6 3. e5 Nd5 4. d4 cxd4 5. cxd4 e6 6. Nc3 Nxc3 7. bxc3 Qc7 8. Bd2 b6 9. Nf3 Nc6 10. Bd3 d6 11. 0-0 dxe5 12. Re1 Bb7 13. Qa4 Bd6 14. Ba6 Bxa6 15. Qxa6 0-0 16. h3 Rfd8 17. dxe5 Nxe5 18. Nxe5 Bxe5 19. a4 Rxd2 20. Rac1 Qc5 21. Rf1 Bg3 22. Qb7 Bxf2+ 23. Kh1 Rf8 24. Qf3 Qe3 25. Qxe3 Bxe3 26. Rf3 Bc5 27. c4 Rfd8 28. Rb3 Rd1+ 29. Rxd1 Rxd1+ 30. Kh2 h5 31. a5 h4 32. axb6 Bg1+ 0-1

[Event "LSS SN-2022-0-01034"]
[Site "LSS email"]
[Date "2022.09.06"]
[Round "?"]
[White "Olsson, Arne"]
[Black "Harvey, James"]
[Result "1-0"]
[WhiteElo "800"]
[BlackElo "800"]
[PlyCount "69"]
[EventDate "2021.10.03"]
[EventType "tourn (corr)"]
[EventRounds "6"]
[EventCountry "GER"]
[SourceTitle "Corr 2024"]
[Source "ChessBase"]
[SourceDate "2023.10.19"]
[SourceVersion "1"]
[SourceVersionDate "2023.10.19"]
[SourceQuality "1"]

1. d4 Nf6 2. c4 g6 3. Nc3 Bg7 4. e4 d6 5. f4 0-0 6. Nf3 c5 7. d5 e6 8. Be2 exd5 9. cxd5 Re8 10. e5 dxe5 11. fxe5 Nfd7 12. e6 fxe6 13. 0-0 Nf6 14. d6 Bd7 15. Bg5 Rf8 16. Nb5 Nc6 17. Nc7 Rc8 18. Bh4 Rxc7 19. dxc7 Qxc7 20. Bg3 Qb6 21. Ne5 Nxe5 22. Bxe5 Bc6 23. Bc4 Bd5 24. Qe2 Qc6 25. b3 a6 26. Qb2 Ne8 27. Bxg7 Nxg7 28. Rxf8+ Kxf8 29. Qf6+ Kg8 30. Rd1 Qe8 31. h3 Nh5 32. Qe5 Bxc4 33. bxc4 Ng7 34. Qf6 Nf5 35. Rd8 1-0

[Event "LSS ZN-2022-0-04425"]
[Site "LSS email"]
[Date "2022.08.27"]
[Round "?"]
[White "Olsson, Arne"]
[Black "Ventura, Bob"]
[Result "1-0"]
[WhiteElo "800"]
[BlackElo "714"]
[PlyCount "33"]
[EventDate "2022.08.21"]
[EventType "match (corr)"]
[EventRounds "2"]
[EventCountry "GER"]
[SourceTitle "Corr 2024"]
[Source "ChessBase"]
[SourceDate "2023.10.19"]
[SourceVersion "1"]
[SourceVersionDate "2023.10.19"]
[SourceQuality "1"]

1. d4 d5 2. c4 Nc6 3. Nc3 Bf5 4. cxd5 Nb8 5. e4 Bg6 6. Qb3 Nf6 7. Qxb7 Nbd7 8. Bb5 Nxe4 9. Bxd7+ Kxd7 10. Qc6+ Kc8 11. Qxa8+ Kd7 12. Qc6+ Kc8 13. Nge2 Bf5 14. Nb5 Kb8 15. Qa6 Qd7 16. Qxa7+ Kc8 17. Qa8# 1-0

[Event "OP-2022-0-05321"]
[Site "LSS email"]
[Date "2022.08.26"]
[Round "?"]
[White "Vitello, Gabry"]
[Black "Olsson, Arne"]
[Result "0-1"]
[WhiteElo "1757"]
[BlackElo "800"]
[PlyCount "90"]
[EventDate "2022.08.24"]
[EventType "tourn (corr)"]
[EventRounds "4"]
[EventCountry "GER"]
[SourceTitle "Corr 2024"]
[Source "ChessBase"]
[SourceDate "2023.10.19"]
[SourceVersion "1"]
[SourceVersionDate "2023.10.19"]
[SourceQuality "1"]

1. d4 Nf6 2. Bf4 d5 3. e3 c5 4. Nf3 Nc6 5. c3 Qb6 6. Qb3 c4 7. Qxb6 axb6 8. Na3 Bf5 9. Nb5 Ra5 10. a4 e6 11. Be2 Be7 12. Nd2 Kd7 13. b3 Rha8 14. Nc7 R8a7 15. bxc4 Rxa4 16. Rd1 Bc2 17. Rc1 Ra2 18. cxd5 exd5 19. Nb5 R7a5 20. h3 Ba4 21. Rb1 Bc2 22. Rc1 Rb2 23. Bg5 Bg6 24. Bxf6 gxf6 25. Nf1 Rxe2+ 26. Kxe2 Rxb5 27. Nd2 Rb2 28. f3 Na5 29. e4 Nc4 30. Rhd1 dxe4 31. fxe4 Bxe4 32. Ke1 Nxd2 33. Rxd2 Rb3 34. Kf2 f5 35. Re2 b5 36. g4 b4 37. cxb4 Rf3+ 38. Kg1 Rxh3 39. Rh2 fxg4 40. Rxh3 gxh3 41. Re1 f5 42. Re3 Bg2 43. b5 Bd6 44. Kf2 f4 45. Rc3 f3 0-1

[Event "OP-2022-0-05320"]
[Site "LSS email"]
[Date "2022.08.23"]
[Round "?"]
[White "Olsson, Arne"]
[Black "Gonzalez, Gustavo"]
[Result "1-0"]
[WhiteElo "800"]
[BlackElo "1800"]
[PlyCount "37"]
[EventDate "2022.08.23"]
[EventType "tourn (corr)"]
[EventRounds "4"]
[EventCountry "GER"]
[SourceTitle "Corr 2024"]
[Source "ChessBase"]
[SourceDate "2023.10.19"]
[SourceVersion "1"]
[SourceVersionDate "2023.10.19"]
[SourceQuality "1"]

1. d4 c6 2. c4 d5 3. Nf3 Nf6 4. Nc3 Bg4 5. Ne5 Bh5 6. cxd5 cxd5 7. Qb3 Qc7 8. e4 e6 9. Bf4 a6 10. Ng6 Qd7 11. Nxh8 Nc6 12. Be3 Nxe4 13. f3 Nxc3 14. bxc3 f5 15. Rb1 b5 16. Qc2 g6 17. Be2 Bg7 18. g4 Rc8 19. Qd2 1-0